000
00306nam a2200133Ia 4500
008
240703s9999 xx 000 0 und d
041
_a
eng
100
_a
Elkin
245
_a
Stress Management For Dummie
260
_b
Wiley India
365
_c
RS.
_b
399.00
906
_b
35
999
_c
41105
_d
41105